| 000 | 00466nam a2200169Ia 4500 | ||
|---|---|---|---|
| 003 | GCL | ||
| 008 | 140319s9999 xx 000 0 eng d | ||
| 040 |
_aGCL / _cGCL |
||
| 082 | 0 | 4 |
_a011.53 _bN I |
| 100 | 1 | _aNURCOMBE, VALERIE J | |
| 245 | 1 | 0 |
_aINFORMATION SOURCES IN OFFICIAL PUBLICATIONS / _cNURCOMBE, VALERIE J |
| 260 |
_a[S.N] : _bBOWKER - SAUR ، _c1997 |
||
| 300 | _a564 P | ||
| 650 | 0 | 4 | _aGOVERNMENT PUBLICATIONS |
| 650 | 0 | 4 | _aPUBLICATIONS |
| 942 |
_2ddc _cBK |
||
| 999 |
_c16482 _d16482 |
||